Songs of 1980 - Statistics

General Stats
  • This quiz has been taken 1,326 times
    1,279 since last reset
  • The average score is 10 of 22
Answer Stats
Song Musical Act % Correct
Another One Bites the Dust Queen
97%
Call Me Blondie
82%
Don't Stand So Close to Me The Police
77%
The Winner Takes It All ABBA
66%
Whip It Devo
65%
Rock with You Michael Jackson
65%
Fame Irene Cara
59%
Hit Me with Your Best Shot Pat Benatar
57%
Upside Down Diana Ross
54%
Ace of Spades Motörhead
45%
Woman in Love Barbra Streisand
43%
Lady Kenny Rogers
43%
Babooshka Kate Bush
40%
Ride Like the Wind Christopher Cross
39%
Love Will Tear Us Apart Joy Division
39%
Could You Be Loved Bob Marley & the Wailers
36%
Enola Gay Orchestral Manoeuvres in the Dark
31%
Lost in Love Air Supply
30%
Coming Up Paul McCartney
28%
Give Me the Night George Benson
21%
Everybody Needs Somebody to Love The Blues Brothers
15%
Johnny & Mary Robert Palmer
12%
No matching quizzes found
Score Distribution
Percent of People with Each Score
Percentile by Number Answered
Your Score History
You have not taken this quiz since the last reset